| 000 | 01114cam a22003257a 4500 | ||
|---|---|---|---|
| 003 | CHAP | ||
| 005 | 20220329143014.0 | ||
| 008 | 050623d2004 ag a r 00010 spa d | ||
| 010 | _a90541 | ||
| 011 | _a91513 | ||
| 020 | _a950504575 | ||
| 035 | _a102072 | ||
| 040 | _cCHAP | ||
| 082 |
_a636.9 _bM4 2004 |
||
| 100 | 0 | 0 |
_aMayolas, Emilio de. _973263 |
| 245 | 1 | 0 |
_aConejos para carne _b: organización, manejo, producción _c/por Emilio de Mayolas |
| 250 | _a2ed. | ||
| 260 |
_aBuenos Aires : _bHemisferio Sur, _c2004. |
||
| 300 |
_a190 p. _b; ilus |
||
| 590 |
_aBATCH-UPD _b10 _c20130110 _lUCH01 _h1540 |
||
| 590 |
_aCONVERSION _b10 _c20130109 _lUCH01 _h1350 |
||
| 650 | 1 | 4 |
_aCarne de conejo. _919140 |
| 650 | 1 | 4 |
_aConejos. _926352 |
| 901 | _aBK | ||
| 905 | _aAlejandra Carrasco M. | ||
| 942 | _cLIBRO | ||
| 949 |
_a636.9 M4 2004 _bBC _cLIBRO _d33724000957130 _eLIBRO _fc.2 _h105781 _i102072 _kI.c/e _si _t$ 100.00 |
||
| 949 |
_a636.9 M4 2004 _bBC _cLIBRO _d33724000957205 _eLIBRO _h105780 _i102072 _kI.c/e _si _t$ 100.00 |
||
| 949 |
_a636.9 M4 2004 _bBC _cLIBRO _d33724000962346 _eLIBRO _fc.3 _gI.c/e _h106949 _i102072 _si _t$ 100.00 |
||
| 999 |
_c90541 _d90541 |
||